[Event "Oberfranken-ch"]
[Site "Lichtenfels"]
[Date "2014.??.??"]
[Round "2.1"]
[White "Khalife, Patrick"]
[Black "Wolf, Pablo"]
[Result "1/2-1/2"]
[WhiteElo "1301"]
[BlackElo "1602"]
[PlyCount "67"]
[EventDate "2014.01.03"]
[EventType "swiss"]
[EventRounds "7"]
[EventCountry "GER"]
[SourceTitle "EXT 2022"]
[Source "ChessBase"]
[SourceDate "2021.10.06"]
[SourceVersion "1"]
[SourceVersionDate "2021.10.06"]
[SourceQuality "1"]

1. e4 c5 2. Nf3 d6 3. d4 cxd4 4. Nxd4 Nf6 5. Nc3 a6 6. f3 e5 7. Nb3 Be6 8. Be3 Be7 9. Qd2 Nbd7 10. 0-0-0 0-0 11. Kb1 b5 12. Nd5 Rc8 13. g4 Bxd5 14. exd5 Nb6 15. Bxb6 Qxb6 16. Bd3 Qd8 17. Rhg1 h6 18. g5 hxg5 19. Qxg5 Ne8 20. Qh5 f5 21. Bxf5 Rxf5 22. Qxf5 Rc4 23. Rg4 Nf6 24. Rxc4 bxc4 25. Qe6+ Kf8 26. Nd2 Qc7 27. Ne4 Qb6 28. Ng5 Ke8 29. Qc8+ Bd8 30. Qxc4 Nd7 31. Qh4 Bxg5 32. Qxg5 Nc5 33. Qe3 Qb5 34. f4 1/2-1/2

[Event "Oberfranken-ch U14 1213"]
[Site "Schney"]
[Date "2013.01.03"]
[Round "7"]
[White "Khalife, Patrick"]
[Black "Hertel, Jan"]
[Result "1/2-1/2"]
[WhiteElo "1243"]
[BlackElo "1367"]
[PlyCount "26"]
[EventDate "2013.01.03"]
[EventType "swiss"]
[EventRounds "7"]
[EventCountry "GER"]
[SourceTitle "EXT 2015"]
[Source "ChessBase"]
[SourceDate "2014.11.20"]
[SourceVersion "1"]
[SourceVersionDate "2014.11.20"]
[SourceQuality "1"]

1. e4 c5 2. Nf3 e6 3. d4 cxd4 4. Nxd4 Bc5 5. Be3 Qb6 6. Qc1 Nc6 7. Nxc6 Bxe3 8. Qxe3 Qxe3+ 9. fxe3 bxc6 10. Nc3 f6 11. 0-0-0 d5 12. exd5 cxd5 13. Bb5+ Bd7 1/2-1/2

[Event "Oberfranken-ch U14 1213"]
[Site "Schney"]
[Date "2013.01.03"]
[Round "3"]
[White "Moenius, Oliver"]
[Black "Khalife, Patrick"]
[Result "1-0"]
[WhiteElo "1337"]
[BlackElo "1243"]
[PlyCount "61"]
[EventDate "2013.01.03"]
[EventType "swiss"]
[EventRounds "7"]
[EventCountry "GER"]
[SourceTitle "EXT 2015"]
[Source "ChessBase"]
[SourceDate "2014.11.20"]
[SourceVersion "1"]
[SourceVersionDate "2014.11.20"]
[SourceQuality "1"]

1. d4 d5 2. e3 Bd7 3. Bd3 e6 4. f4 Nc6 5. Nf3 f5 6. Ne5 Nf6 7. 0-0 Be7 8. c3 Ne4 9. Bxe4 fxe4 10. Qh5+ g6 11. Nxg6 Rg8 12. Nxe7+ Kxe7 13. Qxh7+ Kd6 14. b3 Rh8 15. Ba3+ Nb4 16. Bxb4+ Kc6 17. Qe7 Qxe7 18. Bxe7 b6 19. Nd2 Kb7 20. c4 Rh7 21. Bf6 a5 22. Be5 a4 23. Rfc1 Rg8 24. cxd5 exd5 25. Rxc7+ Ka6 26. Rc3 Bh3 27. g3 Rg6 28. Re1 Bf5 29. bxa4 Rgh6 30. h4 Rg6 31. Kf2 1-0